Straight from the heart : (Record no. 130455)
[ view plain ]
| 000 -LEADER | |
|---|---|
| fixed length control field | 00729nam a22002417a 4500 |
| 003 - CONTROL NUMBER IDENTIFIER | |
| control field | dpl |
| 005 - DATE AND TIME OF LATEST TRANSACTION | |
| control field | 20180608133715.0 |
| 008 - FIXED-LENGTH DATA ELEMENTS--GENERAL INFORMATION | |
| fixed length control field | 180608b xxu||||| |||| 00| 0 eng d |
| 010 ## - LIBRARY OF CONGRESS CONTROL NUMBER | |
| LC control number | B-133082 |
| 020 ## - INTERNATIONAL STANDARD BOOK NUMBER | |
| Terms of availability | 395.00 |
| International Standard Book Number | 1403922276 |
| 035 ## - SYSTEM CONTROL NUMBER | |
| System control number | B-133082, B-133103 |
| 037 ## - SOURCE OF ACQUISITION | |
| Source of stock number/acquisition | Cen Lib/Ret |
| 040 ## - CATALOGING SOURCE | |
| Original cataloging agency | DPL |
| Language of cataloging | EN |
| Transcribing agency | 0 |
| 082 ## - DEWEY DECIMAL CLASSIFICATION NUMBER | |
| Classification number | 921 |
| Item number | KAP |
| 100 ## - MAIN ENTRY--PERSONAL NAME | |
| Personal name | Kapil Dev |
| 9 (RLIN) | 29237 |
| 245 ## - TITLE STATEMENT | |
| Title | Straight from the heart : |
| Statement of responsibility, etc | by Kapil Dev |
| Remainder of title | an autobiography / |
| 260 ## - PUBLICATION, DISTRIBUTION, ETC. (IMPRINT) | |
| Place of publication, distribution, etc | Delhi |
| Name of publisher, distributor, etc | Macmillan |
| Date of publication, distribution, etc | 2004 |
| 270 ## - ADDRESS | |
| City | Delhi |
| Address | 2/10, Ansari Road, Darya Ganj |
| Postal code | 110002 |
| 300 ## - PHYSICAL DESCRIPTION | |
| Extent | xxiii,374p. |
| Dimensions | 23cm(Hb) |
| 650 ## - SUBJECT ADDED ENTRY--TOPICAL TERM | |
| Topical term or geographic name as entry element | Kapil Dev, -- 1959- |
| 9 (RLIN) | 29238 |
| 650 ## - SUBJECT ADDED ENTRY--TOPICAL TERM | |
| Topical term or geographic name as entry element | Cricket -- India -- Biography |
| 9 (RLIN) | 29239 |
| 942 ## - ADDED ENTRY ELEMENTS (KOHA) | |
| Source of classification or shelving scheme | Dewey Decimal Classification |
| Koha item type | English Books |
| Classification part | 921 |
| Call number suffix | KAP |
| Withdrawn status | Lost status | Damaged status | Not for loan | Home library | Current library | Date acquired | Source of acquisition | Cost, normal purchase price | Total Checkouts | Total Renewals | Full call number | Barcode | Date last seen | Date checked out | Copy number | Cost, replacement price | Price effective from | Koha item type | Source of classification or shelving scheme | Collection code |
|---|---|---|---|---|---|---|---|---|---|---|---|---|---|---|---|---|---|---|---|---|
| Central Library | Central Library | 09/07/2015 | Cen Lib/Ret | 395.00 | 3 | 1 | 921 KAP | B-133082 | 14/07/2018 | 29/06/2018 | 1 | 395.00 | 09/07/2015 | English Books | ||||||
| Sarojini Nagar | Sarojini Nagar | 22/05/2019 | 3 | 921 KAP | B-133092 | 20/04/2024 | 22/03/2024 | 22/05/2019 | English Books | Dewey Decimal Classification | ||||||||||
| Sarojini Nagar | Sarojini Nagar | 11/04/2026 | 395.00 | 921 KAP | B-133094 | 11/04/2026 | 395.00 | 11/04/2026 | English Books | Dewey Decimal Classification | Non-fiction | |||||||||
| Shahdara Branch | Shahdara Branch | 08/06/2018 | BPPD/PUB | 395.00 | 1 | 921 KAP | B-133103 | 08/06/2021 | 16/04/2021 | 395.00 | 08/06/2018 | English Books | Dewey Decimal Classification | Non-fiction | ||||||
| Yojana Vihar | Yojana Vihar | 17/10/2019 | BPPD/PUB | 395.00 | 921 KAP | B-133104 | 17/10/2019 | 395.00 | 17/10/2019 | English Books | Dewey Decimal Classification | Non-fiction |
